000 00769nam a22002777a 4500
001 BR9406311
003 BR-BrBNA
005 20230928094339.0
007 ta
008 230509b bl.||||| |||| 00| 0 por d
040 _aBR-BrBNA
_bpor
_cBiblioteca Nacional de Agricultura
041 _a(Por)
072 _aE21
090 _ E21 BR9406311
100 1 _aFerreira, I.L.
110 1 _aServico Nacional de Aprendizagem Industrial, Rio de Janeiro, RJ (Brasil)
_99360
245 1 _aIndices de produtividade das fiacoes brasileiras
250 1 _a2. ed.
260 3 _aRio de Janeiro, RJ (Brasil):
_c1994.
300 _a68 p.
500 _a6 ref.
650 _aProdutividade
650 _aIndustria Textil
909 _a202309
_bLucia
_c55
_dLucia Elande
942 _cBK
999 _c50209
_d50209